|
|
|
|
| LEADER |
00000nas a2200000 a 4500 |
| 001 |
ssj0049135 |
| 003 |
WaSeSS |
| 005 |
20200512172242.0 |
| 006 |
m d |
| 007 |
cr n |
| 008 |
100414c19919999nbufr p s 0 a0eng |
| 010 |
|
|
|a 2014201606
|
| 022 |
|
|
|a 2334-2463
|l 1052-5165
|y 1052-5165
|
| 035 |
|
|
|a (WaSeSS)ssj0049135
|
| 037 |
|
|
|b JHUP, 2715 N. Charles St., Baltimore, MD 21218
|
| 037 |
|
|
|b University of Nebraska Press, 1111 Lincoln Mall, Lincoln, NE 68588 United States
|
| 037 |
|
|
|a 22573/ctt7x56b
|b JSTOR
|
| 040 |
|
|
|a OCLCE
|b eng
|c OCLCE
|d OCLCS
|d OCLCA
|d OCLCQ
|d OCLCO
|d OCLCF
|d DLC
|d TXA
|d DLC
|d OCLCO
|d CGU
|d TEF
|d OCLCQ
|d VT2
|d OCLCQ
|d GILDS
|d OCLCO
|d TKN
|d OCLCO
|d WaSeSS
|
| 042 |
|
|
|a dlr
|a pcc
|a nsdp
|
| 043 |
|
|
|a np-----
|
| 050 |
|
4 |
|a QH104.5.G73
|b G755
|
| 070 |
0 |
|
|a QH104.5.G73
|b G755
|
| 072 |
|
0 |
|a E500
|
| 082 |
0 |
0 |
|a 508
|2 23
|
| 222 |
|
0 |
|a Great Plains research
|b (Online)
|
| 245 |
0 |
0 |
|a Great Plains research
|h [electronic resource].
|
| 246 |
1 |
|
|a Gt. Plains res
|
| 260 |
|
|
|a Lincoln, NE :
|b Center for Great Plains Studies, University of Nebraska,
|c ©1991-
|
| 310 |
|
|
|a Semiannual
|
| 362 |
1 |
|
|a Began with: Vol. 1, no. 1 (Feb. 1991).
|
| 500 |
|
|
|a A journal of natural and social sciences.
|
| 506 |
|
|
|a License restrictions may limit access.
|
| 538 |
|
|
|a Master and use copy. Digital master created according to Benchmark for Faithful Digital Reproductions of Monographs and Serials, Version 1. Digital Library Federation, December 2002.
|u http://purl.oclc.org/DLF/benchrepro0212
|5 MiAaHDL
|
| 583 |
1 |
|
|a digitized
|c 2010
|h HathiTrust Digital Library
|l committed to preserve
|2 pda
|5 MiAaHDL
|
| 588 |
|
|
|a Description based on: Vol. 1, no. 1 (Feb. 1991); title from PDF cover (DigitalCommons@University of Nebraska, viewed May 28, 2014).
|
| 588 |
|
|
|a Latest issue consulted: Vol. 24, no. 1 (spring 2014) (Project Muse, viewed Sept. 8, 2014).
|
| 650 |
|
0 |
|a Natural history
|z Great Plains
|v Periodicals.
|
| 650 |
|
0 |
|a Social sciences
|z Great Plains
|v Periodicals.
|
| 650 |
|
7 |
|a Natural history.
|2 fast
|0 (OCoLC)fst01034268
|
| 650 |
|
7 |
|a Social sciences.
|2 fast
|0 (OCoLC)fst01122877
|
| 651 |
|
0 |
|a Great Plains
|v Periodicals.
|
| 651 |
|
7 |
|a Great Plains.
|2 fast
|0 (OCoLC)fst01240567
|
| 655 |
|
0 |
|a Electronic journals.
|
| 710 |
2 |
|
|a University of Nebraska--Lincoln.
|b Center for Great Plains Studies.
|
| 776 |
0 |
8 |
|i Print version:
|t Great Plains research
|x 1052-5165
|w (DLC) 92642347
|w (OCoLC)22298828
|
| 856 |
4 |
0 |
|z Full text available from Research Library: 02/01/1991 to 12/31/1994
|u https://search.proquest.com/publication/196257
|
| 856 |
4 |
0 |
|z Full text available from Research Library: 01/01/1998 to 3 years ago
|u https://search.proquest.com/publication/196257
|